000 00842nam a2200277 i 4500
001 bg
100 1 _aCrepaldi, Gabriele.
245 0 _aSchiele i ekspresjoniści /
_c[tekst Gabriele Crepaldi ; tł. Dorota Łąkowska].
260 _aWarszawa :
_bRzeczpospolita ;
_bHPS,
_c2006.
300 _a143 s. :
_bil. ;
_c26 cm.
490 1 _aKlasycy Sztuki ;
_v31
600 0 9 _aSchiele, Egon
_d(1890-1918)
_xtwórczość
650 0 _aEkspresjonizm
_zNiemcy
650 0 _aMalarstwo niemieckie
_xhistoria
_y20 w.
700 0 1 _aŁozińska, Tamara
_eTł.
830 _aKlasycy Sztuki ;
020 _a9788360688052
020 _a8360688052
040 _cBPK
041 1 _apol
_hita
080 _a75.071(450)"15"(084.11)A/Z
920 _a978-83-60688-05-2
920 _a83-60688-05-2
942 _cKS
008 s pl f |000 0 pol
999 _c53748
_d53748
856 _uhttp://koha.tu.koszalin.pl/cgi-bin/koha/opac-detail.pl?biblionumber=53748
_yKatalog online BPK